[Event "BSF VM 2021-2022 Gr. A"]
[Site "Bergisch Gladbach"]
[Date "2021.10.29"]
[Round "1.1"]
[White "Klein, Dieter"]
[Black "Preiß, Wolfgang"]
[Result "1-0"]
[WhiteElo "1622"]
[BlackElo "1662"]
[PlyCount "45"]
[EventDate "2021.??.??"]

1. e4 c5 2. Nf3 Nc6 3. c3 e6 4. d4 cxd4 5. cxd4 Qb6 6. Nc3 d6 7. d5 Ne5 8. Nxe5
dxe5 9. Bb5+ Bd7 10. Bxd7+ Kxd7 11. dxe6+ Kxe6 12. O-O Nf6 13. Nd5 Qd6 14. Qb3
Nxd5 15. Rd1 Kf6 16. Rxd5 Qe6 17. Qg3 h6 18. Qh4+ Kg6 19. Be3 Be7 20. Qg3+ Kf6
21. f4 Bd6 22. fxe5+ Bxe5 23. Rf1+ 1-0

[Event "BSF VM 2021-2022 Gr. A"]
[Site "Bergisch Gladbach"]
[Date "2021.10.29"]
[Round "1.2"]
[White "Thelen, Harm-Wulf"]
[Black "Gutt, Oswald"]
[Result "0-1"]
[WhiteElo "1921"]
[BlackElo "1851"]
[PlyCount "112"]
[EventDate "2021.??.??"]

1. c4 Nf6 2. Nc3 e6 3. d4 Bb4 4. Qc2 d5 5. Nf3 O-O 6. a3 Bxc3+ 7. Qxc3 Ne4 8.
Qc2 Nd7 9. e3 b6 10. cxd5 exd5 11. Qc6 Rb8 12. Qxd5 Bb7 13. Qc4 c5 14. Be2 cxd4
15. Qxd4 Qe7 16. O-O Rfd8 17. b4 Ndc5 18. Qe5 Qxe5 19. Nxe5 Nb3 20. Ra2 Nc3 21.
Rc2 Nxe2+ 22. Rxe2 Ba6 23. Ree1 Bxf1 24. Kxf1 Nxc1 25. Nc6 Na2 26. Ra1 Nc3 27.
Rc1 Ne4 28. f3 Nf6 29. e4 Kf8 30. Nxb8 Rxb8 31. g4 Rb7 32. g5 Nh5 33. Ke2 Ke7
34. Ke3 g6 35. Rc8 Ng7 36. Rh8 Ne6 37. Rxh7 Nxg5 38. Rh8 Rc7 39. h4 Ne6 40. Kd3
Rd7+ 41. Ke3 Nd4 42. h5 gxh5 43. Rxh5 Nc2+ 44. Kf4 Nxa3 45. Kf5 Nc4 46. e5 Rd5
47. f4 Nd6+ 48. Kg4 Ne4 49. f5 Rd4 50. Kf3 Rxb4 51. Ke3 a5 52. Rh7 Ng5 53. Rg7
Re4+ 54. Kd3 Rxe5 55. Rxg5 Kf6 56. Rh5 b5 0-1

[Event "BSF VM 2021-2022 Gr. A"]
[Site "Bergisch Gladbach"]
[Date "2021.10.29"]
[Round "1.3"]
[White "Eberl, Christian"]
[Black "Türkkan, Nuh"]
[Result "1-0"]
[WhiteElo "1662"]
[BlackElo "1787"]
[PlyCount "35"]
[EventDate "2021.??.??"]

1. e4 c5 2. Nf3 Nc6 3. d4 cxd4 4. Nxd4 Nf6 5. Nc3 e5 6. Nb3 Bb4 7. Bg5 Bxc3+ 8.
bxc3 d6 9. Be2 Be6 10. O-O O-O 11. Bxf6 gxf6 12. f4 Qb6+ 13. Kh1 Qe3 14. Rf3
Qxe4 15. Bd3 Qa4 16. Rg3+ Kh8 17. Qh5 e4 18. Qh6 1-0

[Event "BSF VM 2021-2022 Gr. A"]
[Site "Bergisch Gladbach"]
[Date "2021.10.29"]
[Round "1.4"]
[White "Eilers, Jochen"]
[Black "Müller, Andreas"]
[Result "1-0"]
[WhiteElo "1965"]
[BlackElo "1798"]
[PlyCount "42"]
[EventDate "2021.??.??"]

1. e4 c5 2. Nc3 Nc6 3. g3 g6 4. Bg2 Bg7 5. d3 d6 6. Be3 e6 7. Qd2 Nd4 8. Nce2
b5 9. c3 Nc6 10. f4 Nge7 11. Nf3 Rb8 12. O-O Qa5 13. e5 Qc7 14. exd6 Qxd6 15.
d4 cxd4 16. Nexd4 Nxd4 17. Nxd4 Qc7 18. a4 a6 19. axb5 axb5 20. Nb3 O-O 21. Ra7
Rb7 1-0

[Event "BSF VM 2021-2022 Gr. A"]
[Site "Bergisch Gladbach"]
[Date "2021.10.29"]
[Round "1.5"]
[White "Gelsok, Philipp"]
[Black "Kühnast, Volker"]
[Result "1-0"]
[WhiteElo "1967"]
[BlackElo "1788"]
[PlyCount "77"]
[EventDate "2021.??.??"]

1. e4 g6 2. d4 d6 3. Nf3 Bg7 4. Nc3 c6 5. a4 a5 6. Be3 Nh6 7. Bc4 e6 8. Qd2 Ng4
9. Bg5 f6 10. Bf4 g5 11. Bg3 h5 12. h4 gxh4 13. Nxh4 Na6 14. f3 Bh6 15. Bf4
Bxf4 16. Qxf4 e5 17. Qd2 exd4 18. Qxd4 Ne5 19. O-O-O Nc7 20. Ba2 Be6 21. Bxe6
Nxe6 22. Qxd6 Qxd6 23. Rxd6 Ke7 24. Nf5+ Kf7 25. Ne2 Rag8 26. f4 Rxg2 27. fxe5
Rxe2 28. Rxe6 Kxe6 29. Nd4+ Kxe5 30. Nxe2 b5 31. axb5 cxb5 32. Rh4 f5 33. exf5
Kxf5 34. Nd4+ Kg5 35. Nf3+ Kg6 36. Rf4 Rd8 37. c3 Rd5 38. b3 Rf5 39. Nh4+ 1-0

[Event "BSF VM 2021-2022 Gr. A"]
[Site "Bergisch Gladbach"]
[Date "2021.11.05"]
[Round "2.1"]
[White "Gutt, Oswald"]
[Black "Klein, Dieter"]
[Result "1/2-1/2"]
[WhiteElo "1851"]
[BlackElo "1622"]
[PlyCount "102"]
[EventDate "2021.??.??"]

1. Nf3 c5 2. e4 d6 3. d4 cxd4 4. Nxd4 a6 5. c4 Nf6 6. Nc3 g6 7. Be2 Bg7 8. Be3
O-O 9. O-O Nc6 10. Rc1 Bd7 11. Qd2 Rc8 12. Rfd1 Ne5 13. b3 Neg4 14. Bxg4 Nxg4
15. Bg5 f6 16. Bh4 Bh6 17. f4 e5 18. Nde2 Qb6+ 19. Kh1 exf4 20. Qxd6 Qxd6 21.
Rxd6 f3 22. gxf3 Bc6 23. Rcd1 Ne5 24. Nd4 Nf7 25. Nxc6 bxc6 26. Re6 Bg5 27. Bg3
Nd8 28. Red6 f5 29. Kg2 Be7 30. Rd7 Bb4 31. R1d3 Ne6 32. Bd6 Bxd6 33. R3xd6
Rcd8 34. Rxd8 Nxd8 35. Kg3 f4+ 36. Kg2 Kg7 37. Rd7+ Kf6 38. Ra7 Ne6 39. Rxa6
Rd8 40. Rxc6 Rd2+ 41. Kf1 Rxh2 42. a4 h5 43. Ne2 g5 44. Nd4 Ke5 45. Nxe6 g4 46.
Ng5 g3 47. Kg1 Kd4 48. Kf1 Rb2 49. Rd6+ Ke3 50. e5 Rb1+ 51. Kg2 Rb2+ 1/2-1/2

[Event "BSF VM 2021-2022 Gr. A"]
[Site "Bergisch Gladbach"]
[Date "2021.11.05"]
[Round "2.2"]
[White "Preiß, Wolfgang"]
[Black "Eberl, Christian"]
[Result "1-0"]
[WhiteElo "1762"]
[BlackElo "1662"]
[PlyCount "91"]
[EventDate "2021.??.??"]

1. c4 e5 2. g3 Nf6 3. Bg2 Bc5 4. Nc3 c6 5. e3 d6 6. Nge2 O-O 7. O-O Be6 8. d3
d5 9. Na4 Nbd7 10. Nxc5 Nxc5 11. b4 Ncd7 12. Qc2 Rc8 13. Bb2 dxc4 14. dxc4 Qe7
15. c5 Nd5 16. a3 f6 17. e4 Nc7 18. Rad1 Rfd8 19. f4 exf4 20. Nxf4 Bg4 21. Rd2
Ne5 22. Qb3+ Kh8 23. Rxd8+ Rxd8 24. h3 Bc8 25. Rd1 Rxd1+ 26. Qxd1 Nc4 27. Bc1
Ne6 28. h4 Nxf4 29. gxf4 Qd7 30. Qxd7 Bxd7 31. Bf1 Be6 32. Kf2 b6 33. cxb6 Nxb6
34. Be2 Nc4 35. Bd1 Nd6 36. Bc2 Kg8 37. Kg2 Kf7 38. Kf3 g6 39. a4 a6 40. Ke3
Nc4+ 41. Kd4 Ke7 42. Bd3 Nd6 43. Bxa6 f5 44. e5 Ne4 45. Bc4 Bd7 46. a5 1-0

[Event "BSF VM 2021-2022 Gr. A"]
[Site "Bergisch Gladbach"]
[Date "2021.11.05"]
[Round "2.3"]
[White "Müller, Andreas"]
[Black "Thelen, Harm-Wulf"]
[Result "0-1"]
[WhiteElo "1798"]
[BlackElo "1921"]
[PlyCount "62"]
[EventDate "2021.??.??"]

1. d4 Nf6 2. Nf3 g6 3. c4 Bg7 4. Nc3 d6 5. e4 Nbd7 6. Be2 e5 7. O-O O-O 8. d5
Nc5 9. Qc2 a5 10. Bg5 h6 11. Be3 Ne8 12. Nd2 f5 13. exf5 gxf5 14. f4 e4 15. a3
a4 16. Kh1 Bd7 17. g4 fxg4 18. Bxc5 dxc5 19. Ndxe4 b6 20. Ng3 Qh4 21. Rae1 Nd6
22. Bd3 Rae8 23. Rxe8 Rxe8 24. Nce4 Bd4 25. Qg2 Rf8 26. Nxd6 cxd6 27. Ne4 Bf5
28. Bb1 h5 29. Nxd6 Bxb1 30. Rxb1 Rxf4 31. Qg3 Qf6 0-1

[Event "BSF VM 2021-2022 Gr. A"]
[Site "Bergisch Gladbach"]
[Date "2021.11.05"]
[Round "2.4"]
[White "Türkkan, Nuh"]
[Black "Gelsok, Philipp"]
[Result "1/2-1/2"]
[WhiteElo "1787"]
[BlackElo "1967"]
[PlyCount "69"]
[EventDate "2021.??.??"]

1. c4 g6 2. Nc3 c5 3. d4 cxd4 4. Qxd4 Nf6 5. Bg5 Bg7 6. Nf3 Qa5 7. Qd2 Nc6 8.
e4 d6 9. Be2 Bg4 10. Rc1 O-O 11. O-O Rfe8 12. h3 Bxf3 13. Bxf3 Rac8 14. b3 Nd4
15. Qxd4 Qxg5 16. Qxa7 Rb8 17. Nd5 Nd7 18. Qe3 Qe5 19. Nb6 Nxb6 20. Qxb6 Qb2
21. a4 Bd4 22. Qb5 Bxf2+ 23. Kh1 b6 24. Rb1 Qd2 25. Qd5 Qxd5 26. exd5 Bd4 27.
Bg4 f5 28. Bf3 Ra8 29. Rbe1 Kg7 30. g4 f4 31. g5 Be5 32. Bg4 h6 33. gxh6+ Kxh6
34. Kg2 Kg5 35. Kf3 1/2-1/2

[Event "BSF VM 2021-2022 Gr. A"]
[Site "Bergisch Gladbach"]
[Date "2021.11.19"]
[Round "3.2"]
[White "Gutt, Oswald"]
[Black "Müller, Andreas"]
[Result "1/2-1/2"]
[WhiteElo "1851"]
[BlackElo "1798"]
[PlyCount "57"]
[EventDate "2021.??.??"]

1. d4 Nf6 2. Nf3 e6 3. c4 d5 4. Nc3 Be7 5. cxd5 exd5 6. Bg5 O-O 7. Qc2 Nbd7 8.
e3 Re8 9. Bd3 Nf8 10. O-O c6 11. Rab1 a5 12. a3 Ne4 13. Bxe7 Qxe7 14. Bxe4 dxe4
15. Nd2 f5 16. b4 axb4 17. axb4 Be6 18. Na4 Bd5 19. Nb6 Ra2 20. Nxd5 Rxc2 21.
Nxe7+ Rxe7 22. Nb3 Nd7 23. Rfc1 Rxc1+ 24. Rxc1 Kf7 25. Nc5 Nb6 26. Rb1 Nc4 27.
b5 b6 28. Na4 cxb5 29. Nc3 1/2-1/2

[Event "BSF VM 2021-2022 Gr. A"]
[Site "Bergisch Gladbach"]
[Date "2021.11.19"]
[Round "3.3"]
[White "Gelsok, Philipp"]
[Black "Preiß, Wolfgang"]
[Result "1-0"]
[WhiteElo "1967"]
[BlackElo "1662"]
[PlyCount "49"]
[EventDate "2021.??.??"]

1. e4 e5 2. Nf3 Nc6 3. Bb5 Nf6 4. O-O d6 5. Re1 Bd7 6. c3 Be7 7. d4 exd4 8.
cxd4 O-O 9. h3 h6 10. Nc3 a6 11. Bd3 Nb4 12. Bb1 c5 13. d5 a5 14. e5 Ne8 15. a3
Na6 16. Qd3 f5 17. e6 Bc8 18. g4 g6 19. Bxh6 Ng7 20. Kh1 Qe8 21. gxf5 Rxf5 22.
Rg1 Bf6 23. Ne4 Nc7 24. Bxg7 Kxg7 25. Nxf6 1-0

[Event "BSF VM 2021-2022 Gr. A"]
[Site "Bergisch Gladbach"]
[Date "2021.11.19"]
[Round "3.4"]
[White "Thelen, Harm-Wulf"]
[Black "Kühnast, Volker"]
[Result "1/2-1/2"]
[WhiteElo "1921"]
[BlackElo "1788"]
[PlyCount "54"]
[EventDate "2021.??.??"]

1. c4 g6 2. d4 d6 3. Nc3 Bg7 4. e4 e5 5. d5 a5 6. Be3 Ne7 7. c5 O-O 8. Bd3 f5
9. f3 Nd7 10. Na4 Nf6 11. cxd6 cxd6 12. Nb6 Rb8 13. Qa4 fxe4 14. Bxe4 Nf5 15.
Bxf5 gxf5 16. Qxa5 e4 17. O-O-O Re8 18. Bd4 Nd7 19. Bxg7 Qxb6 20. Qc3 Qc5 21.
fxe4 fxe4 22. Ne2 Qxc3+ 23. Bxc3 Nc5 24. Nf4 Bg4 25. Rde1 Rf8 26. g3 Bf3 27.
Rhf1 b5 1/2-1/2

[Event "BSF VM 2021-2022 Gr. A"]
[Site "Bergisch Gladbach"]
[Date "2021.11.19"]
[Round "3.5"]
[White "Eilers, Jochen"]
[Black "Türkkan, Nuh"]
[Result "1/2-1/2"]
[WhiteElo "1965"]
[BlackElo "1787"]
[PlyCount "88"]
[EventDate "2021.??.??"]

1. c4 e5 2. g3 Nc6 3. Bg2 f5 4. e3 Nf6 5. Ne2 g6 6. Nbc3 Bg7 7. O-O O-O 8. d4
e4 9. b3 Re8 10. Ba3 a5 11. Qd2 Nb4 12. Na4 Nd3 13. Nc1 Nxc1 14. Raxc1 d6 15.
Nc3 Bh6 16. Ne2 g5 17. Bb2 d5 18. Nc3 c6 19. cxd5 Nxd5 20. Nxd5 cxd5 21. Rc3 f4
22. exf4 gxf4 23. gxf4 Qh4 24. Rg3+ Kh8 25. Bc1 Ra6 26. Qe2 Bxf4 27. Bxf4 Qxf4
28. Qh5 Rd8 29. Re1 Rf6 30. Re2 b6 31. Rc2 Ba6 32. Rg4 Qd6 33. Rg3 Bd3 34. Rc1
Qf4 35. Qg5 Qxg5 36. Rxg5 h6 37. Rg3 Rdf8 38. Bf1 Rxf2 39. Bxd3 exd3 40. Rxd3
Rxa2 41. Rh3 Rg8+ 42. Kf1 Rf8+ 43. Kg1 Rg8+ 44. Kf1 Rf8+ 1/2-1/2

[Event "BSF VM 2021-2022 Gr. A"]
[Site "Bergisch Gladbach"]
[Date "2021.11.26"]
[Round "4.1"]
[White "Müller, Andreas"]
[Black "Klein, Dieter"]
[Result "1-0"]
[WhiteElo "1798"]
[BlackElo "1622"]
[PlyCount "95"]
[EventDate "2021.??.??"]

1. e4 d5 2. exd5 Nf6 3. d4 Nxd5 4. c4 Nb6 5. Nf3 g6 6. Be2 Bg7 7. O-O O-O 8.
Nc3 Nc6 9. c5 Nd5 10. Re1 Bf5 11. a3 e5 12. Nxd5 Qxd5 13. dxe5 Qxd1 14. Bxd1
Bg4 15. Bf4 Rad8 16. h3 Bxf3 17. Bxf3 Nd4 18. Bxb7 Nc2 19. Rac1 Nxe1 20. Rxe1
Rb8 21. c6 Rfe8 22. e6 Re7 23. exf7+ Rxf7 24. g3 Bxb2 25. Rd1 Bxa3 26. Rd2 Rxf4
27. gxf4 Bd6 28. Rxd6 cxd6 29. c7 Rf8 30. c8=Q Rxc8 31. Bxc8 a5 32. f5 a4 33.
fxg6 hxg6 34. Be6+ Kg7 35. Kg2 Kf6 36. Ba2 g5 37. Kf3 Ke5 38. Kg4 d5 39. Kxg5
d4 40. f4+ Ke4 41. f5 d3 42. Bb1 Kd4 43. f6 d2 44. Bc2 a3 45. f7 a2 46. f8=Q
Kc3 47. Qc5+ Kb2 48. Bd1 1-0

[Event "BSF VM 2021-2022 Gr. A"]
[Site "Bergisch Gladbach"]
[Date "2021.11.26"]
[Round "4.2"]
[White "Eberl, Christian"]
[Black "Gelsok, Philipp"]
[Result "0-1"]
[WhiteElo "1662"]
[BlackElo "1967"]
[PlyCount "64"]
[EventDate "2021.??.??"]

1. e4 c5 2. Nf3 d6 3. d4 cxd4 4. Nxd4 Nf6 5. Nc3 g6 6. Bd3 Bg7 7. O-O O-O 8. h3
d5 9. exd5 Nxd5 10. Nxd5 Qxd5 11. Nf3 Nc6 12. c3 Rd8 13. Bc2 Qh5 14. Nd2 Qa5
15. Qf3 Ne5 16. Qe3 Be6 17. Nf3 Nc4 18. Qg5 Qxg5 19. Nxg5 Bd5 20. Ne4 Rac8 21.
Re1 b5 22. Bb3 Kf8 23. Bxc4 Rxc4 24. Ng3 b4 25. Bg5 Rd7 26. cxb4 Bxb2 27. Rad1
e6 28. Re2 Rxb4 29. Be3 Rb8 30. Ne4 Bg7 31. Nc5 Rdd8 32. Na6 Bc4 0-1

[Event "BSF VM 2021-2022 Gr. A"]
[Site "Bergisch Gladbach"]
[Date "2021.11.26"]
[Round "4.3"]
[White "Kühnast, Volker"]
[Black "Gutt, Oswald"]
[Result "1-0"]
[WhiteElo "1788"]
[BlackElo "1851"]
[PlyCount "123"]
[EventDate "2021.??.??"]

1. e4 c5 2. Nf3 d6 3. Bb5+ Bd7 4. Bxd7+ Nxd7 5. d4 cxd4 6. Qxd4 Ngf6 7. O-O Qc7
8. Nc3 a6 9. a4 e6 10. Bg5 Qc5 11. a5 Rc8 12. Be3 Qxd4 13. Bxd4 e5 14. Be3 Be7
15. h3 O-O 16. Rfd1 Rc7 17. Ne1 Rxc3 18. bxc3 Nxe4 19. Rd3 Rc8 20. Rb1 Ndc5 21.
Bxc5 Nxc5 22. Rd5 e4 23. f3 g6 24. fxe4 Nxe4 25. Rxb7 Bh4 26. Nd3 Rxc3 27. Nb4
Bf2+ 28. Kf1 Bc5 29. Rd3 Rc4 30. Nxa6 Rxc2 31. Nxc5 Nxc5 32. Rb8+ Kg7 33. Rxd6
Ra2 34. Rb5 Ne4 35. Rc6 Ng3+ 36. Ke1 Nf5 37. Rc7 Ra1+ 38. Kf2 Ra2+ 39. Kg1 h5
40. g4 Ra1+ 41. Kf2 Ra2+ 42. Ke1 hxg4 43. hxg4 Ra1+ 44. Kd2 Ra2+ 45. Kc3 Nd6
46. Rd5 Ne4+ 47. Kb3 Ra1 48. Kb4 Rb1+ 49. Ka4 Ra1+ 50. Kb5 Rb1+ 51. Ka6 Nf6 52.
Rb5 Rf1 53. Kb7 Ne4 54. Rc6 Rd1 55. Kc7 Nf6 56. a6 Ne8+ 57. Kb8 Rd8+ 58. Ka7
Nd6 59. Rb4 Kh6 60. Kb6 Nc8+ 61. Kc7 Rf8 62. Rb8 1-0

[Event "BSF VM 2021-2022 Gr. A"]
[Site "Bergisch Gladbach"]
[Date "2021.11.26"]
[Round "4.5"]
[White "Türkkan, Nuh"]
[Black "Thelen, Harm-Wulf"]
[Result "0-1"]
[WhiteElo "1787"]
[BlackElo "1851"]
[PlyCount "136"]
[EventDate "2021.??.??"]

1. d4 c5 2. d5 d6 3. e4 e6 4. c4 exd5 5. cxd5 g6 6. Bd2 Bg7 7. Bc3 Nf6 8. Nd2
O-O 9. Qc2 a6 10. a4 Re8 11. Bd3 Nbd7 12. a5 Qe7 13. f3 b5 14. axb6 Nxb6 15.
Nc4 Nxc4 16. Bxc4 Bd7 17. Ne2 Bb5 18. b3 Nd7 19. Bxg7 Kxg7 20. O-O Qe5 21. Ra5
Rab8 22. Rfa1 Re7 23. Bxb5 axb5 24. Qc3 b4 25. Qxe5+ Nxe5 26. Ra6 Rd8 27. Rb6
h5 28. Raa6 Red7 29. Kf2 g5 30. Ke3 h4 31. h3 f6 32. f4 Nf7 33. g3 Re7 34. gxh4
gxh4 35. Kf3 Rde8 36. e5 fxe5 37. f5 Kf6 38. Kg4 Nh6+ 39. Kxh4 Nxf5+ 40. Kg4
Rg8+ 41. Kf3 Rh7 42. Rc6 Rxh3+ 43. Kf2 e4 44. Rxd6+ Nxd6 45. Rxd6+ Kf5 46. Re6
Rxb3 47. Re7 Rd3 48. Rd7 b3 49. d6 b2 50. Rb7 Rf3+ 51. Ke1 Rd8 52. Rxb2 Rxd6
53. Rc2 Rd5 54. Nc3 Re5 55. Na4 Ra3 56. Nxc5 Kf4 57. Ke2 Rh3 58. Kf1 Reh5 59.
Rf2+ Rf3 60. Ne6+ Ke3 61. Rxf3+ exf3 62. Kg1 f2+ 63. Kg2 Rh2+ 64. Kxh2 f1=Q 65.
Ng5 Qf5 66. Nh3 Qg4 67. Ng1 Kf2 68. Nh3+ Kf1 0-1

[Event "BSF VM 2021-2022 Gr. A"]
[Site "Bergisch Gladbach"]
[Date "2021.12.10"]
[Round "5.1"]
[White "Gelsok, Philipp"]
[Black "Klein, Dieter"]
[Result "1-0"]
[WhiteElo "1967"]
[BlackElo "1622"]
[PlyCount "31"]
[EventDate "2021.??.??"]

1. e4 e5 2. f4 exf4 3. Bc4 Qh4+ 4. Kf1 Nc6 5. d4 Bb4 6. Nf3 Qh5 7. Bxf4 d6 8.
c3 Ba5 9. d5 Ne5 10. Bxe5 dxe5 11. Qa4+ Bd7 12. Qxa5 b6 13. Qa6 Nf6 14. Bb5
Nxe4 15. Bxd7+ Kxd7 16. Qa4+ 1-0

[Event "BSF VM 2021-2022 Gr. A"]
[Site "Bergisch Gladbach"]
[Date "2021.12.10"]
[Round "5.4"]
[White "Gutt, Oswald"]
[Black "Türkkan, Nuh"]
[Result "1/2-1/2"]
[WhiteElo "1851"]
[BlackElo "1787"]
[PlyCount "47"]
[EventDate "2021.??.??"]

1. e4 c5 2. Nf3 Nc6 3. d4 cxd4 4. Nxd4 Nf6 5. Nc3 e5 6. Ndb5 d6 7. Bg5 a6 8.
Na3 b5 9. Bxf6 gxf6 10. Nd5 Bg7 11. c3 f5 12. exf5 Bxf5 13. Qf3 Be6 14. Nf6+
Bxf6 15. Qxc6+ Kf8 16. Rd1 d5 17. g3 Qc8 18. Qxc8+ Rxc8 19. Bg2 d4 20. cxd4
exd4 21. Bb7 Rb8 22. Bxa6 Bh3 23. Bxb5 Kg7 24. Rd3 1/2-1/2

[Event "BSF VM 2021-2022 Gr. A"]
[Site "Bergisch Gladbach"]
[Date "2021.12.17"]
[Round "6.2"]
[White "Gelsok, Philipp"]
[Black "Eilers, Jochen"]
[Result "1-0"]
[WhiteElo "1967"]
[BlackElo "1965"]
[PlyCount "41"]
[EventDate "2021.??.??"]

1. e4 c5 2. Nf3 Nc6 3. d4 cxd4 4. Nxd4 g6 5. Be2 Bg7 6. Nb3 d6 7. O-O Nf6 8.
Nc3 O-O 9. Bg5 h6 10. Bh4 a6 11. f4 b5 12. Bf3 b4 13. e5 bxc3 14. exf6 exf6 15.
Bxc6 cxb2 16. Rb1 Qb6+ 17. Nd4 f5 18. Bxa8 Bxd4+ 19. Bf2 Bxf2+ 20. Rxf2 d5 21.
Bxd5 1-0

[Event "BSF VM 2021-2022 Gr. A"]
[Site "Bergisch Gladbach"]
[Date "2021.12.17"]
[Round "6.3"]
[White "Türkkan, Nuh"]
[Black "Müller, Andreas"]
[Result "1/2-1/2"]
[WhiteElo "1787"]
[BlackElo "1798"]
[PlyCount "46"]
[EventDate "2021.??.??"]

1. c4 e5 2. Nc3 Nf6 3. g3 d5 4. cxd5 Nxd5 5. Bg2 Nb6 6. Nf3 Nc6 7. O-O Be7 8.
d3 O-O 9. a4 a5 10. Be3 Be6 11. Rc1 Nd5 12. Nxd5 Bxd5 13. Nd2 Bxg2 14. Kxg2 Nd4
15. Bxd4 exd4 16. Qb3 Bb4 17. Ne4 Re8 18. f4 c5 19. f5 Rc8 20. Rf4 Re5 21. f6
g6 22. h4 Qd5 23. Qxd5 Rxd5 1/2-1/2

[Event "BSF VM 2021-2022 Gr. A"]
[Site "Bergisch Gladbach"]
[Date "2021.12.17"]
[Round "6.4"]
[White "Eberl, Christian"]
[Black "Thelen, Harm-Wulf"]
[Result "1-0"]
[WhiteElo "1662"]
[BlackElo "1921"]
[PlyCount "56"]
[EventDate "2021.??.??"]

1. e4 e6 2. d4 c5 3. d5 exd5 4. exd5 d6 5. Nf3 g6 6. Bd3 Bg7 7. O-O Ne7 8. c4
O-O 9. Nc3 Bf5 10. Bf4 a6 11. Rc1 Bxd3 12. Qxd3 Nf5 13. b3 h5 14. Rfe1 Nd7 15.
Ne4 Qc7 16. Nfd2 Ne5 17. Bxe5 Bxe5 18. Ng5 Qa5 19. a4 Rab8 20. Ndf3 Bg7 21. h3
Rfe8 22. Rxe8+ Rxe8 23. Ne4 h4 24. g4 hxg3 25. fxg3 Nd4 26. Rd1 Qd8 27. Rf1 Qe7
28. Nfg5 f5 1-0

[Event "BSF VM 2021-2022 Gr. A"]
[Site "Bergisch Gladbach"]
[Date "2022.02.04"]
[Round "7.1"]
[White "Eilers, Jochen"]
[Black "Klein, Dieter"]
[Result "1-0"]
[WhiteElo "1965"]
[BlackElo "1622"]
[PlyCount "72"]
[EventDate "2021.??.??"]

1. c4 b6 2. Nc3 Bb7 3. e4 e5 4. g3 Nf6 5. Bg2 c5 6. Nge2 Nc6 7. d3 Be7 8. O-O
O-O 9. f4 h6 10. h3 d6 11. Be3 Nd4 12. Qd2 Nh7 13. Rf2 f5 14. Raf1 exf4 15.
Nxf4 Qd7 16. Ncd5 Bxd5 17. exd5 g5 18. Ne6 Rf7 19. Bxd4 cxd4 20. Rxf5 Rxf5 21.
Rxf5 Bf6 22. Qe2 Re8 23. Qh5 Rxe6 24. dxe6 Qg7 25. Bd5 Kf8 26. Bc6 Kg8 27. Qe8+
Qf8 28. Kg2 Qxe8 29. Bxe8 Kg7 30. Kf3 a6 31. b4 Nf8 32. Bf7 Nh7 33. a4 Nf8 34.
a5 bxa5 35. Rxa5 Ng6 36. Bxg6 Kxg6 1-0

[Event "BSF VM 2021-2022 Gr. A"]
[Site "Bergisch Gladbach"]
[Date "2022.02.04"]
[Round "7.3"]
[White "Thelen, Harm-Wulf"]
[Black "Gelsok, Philipp"]
[Result "1/2-1/2"]
[WhiteElo "1921"]
[BlackElo "1967"]
[PlyCount "54"]
[EventDate "2021.??.??"]

1. Nf3 Nf6 2. g3 d5 3. Bg2 e6 4. d4 Be7 5. O-O O-O 6. c4 dxc4 7. Qc2 a6 8. Qxc4
b5 9. Qc2 Bb7 10. a3 Nbd7 11. b4 a5 12. bxa5 Rxa5 13. Bd2 Ra8 14. Nc3 b4 15.
axb4 Rxa1 16. Rxa1 Bxb4 17. Rb1 c5 18. dxc5 Bxf3 19. Bxf3 Bxc5 20. Na4 Bd6 21.
Qa2 Nc5 22. Nc3 Be7 23. Be3 h6 24. Qa7 Ncd7 25. Rd1 Qc8 26. Nb5 Bc5 27. Bxc5
Qxc5 1/2-1/2

[Event "BSF VM 2021-2022 Gr. A"]
[Site "Bergisch Gladbach"]
[Date "2022.02.04"]
[Round "7.5"]
[White "Gutt, Oswald"]
[Black "Eberl, Christian"]
[Result "1/2-1/2"]
[WhiteElo "1851"]
[BlackElo "1662"]
[PlyCount "46"]
[EventDate "2021.??.??"]

1. e4 e5 2. Nf3 Nc6 3. Bb5 a6 4. Bxc6 dxc6 5. O-O Bd6 6. h3 Ne7 7. Qe2 Ng6 8.
d4 O-O 9. dxe5 Nxe5 10. Nxe5 Bxe5 11. Nd2 Be6 12. Nf3 Qf6 13. Bg5 Qg6 14. Nxe5
Qxg5 15. f4 Qe7 16. Rad1 Rad8 17. Nd3 Rde8 18. b3 Bf5 19. e5 f6 20. Rfe1 c5 21.
Qf2 b6 22. exf6 Qxf6 23. Ne5 Bc8 1/2-1/2

[Event "BSF VM 2021-2022 Gr. A"]
[Site "Bergisch Gladbach"]
[Date "2022.02.11"]
[Round "8.1"]
[White "Klein, Dieter"]
[Black "Türkkan, Nuh"]
[Result "0-1"]
[WhiteElo "1622"]
[BlackElo "1787"]
[PlyCount "64"]
[EventDate "2021.??.??"]

1. e4 c5 2. Nf3 Nc6 3. c3 d5 4. exd5 Qxd5 5. h3 e5 6. c4 Qd6 7. Nc3 a6 8. Ne4
Qc7 9. d3 h6 10. Be2 Bf5 11. Nc3 Nf6 12. O-O O-O-O 13. Be3 e4 14. Nh4 Bh7 15.
Bg4+ Kb8 16. Nd5 Nxd5 17. cxd5 Rxd5 18. Qe2 Rxd3 19. g3 Bd6 20. Nf5 Be5 21.
Bxc5 g6 22. Qxe4 gxf5 23. Qxd3 fxg4 24. Qe3 gxh3 25. Rad1 Ka8 26. b4 Rg8 27.
Rd3 Bxd3 28. Qxd3 Bxg3 29. Kh1 Bf4 30. b5 Ne5 31. Qh7 Rg2 32. Be3 Rh2+ 0-1

[Event "BSF VM 2021-2022 Gr. A"]
[Site "Bergisch Gladbach"]
[Date "2022.02.11"]
[Round "8.2"]
[White "Eilers, Jochen"]
[Black "Thelen, Harm-Wulf"]
[Result "1/2-1/2"]
[WhiteElo "1965"]
[BlackElo "1921"]
[PlyCount "32"]
[EventDate "2021.??.??"]

1. c4 e5 2. g3 g6 3. d4 Nc6 4. d5 Nce7 5. e4 d6 6. Bg2 f5 7. Nc3 Nf6 8. Nge2
fxe4 9. Nxe4 Nxe4 10. Bxe4 Bg7 11. Bg5 Bf5 12. Nc3 O-O 13. Qd2 Qd7 14. O-O Bh3
15. Bxe7 Qxe7 16. Bg2 Bxg2 1/2-1/2

[Event "BSF VM 2021-2022 Gr. A"]
[Site "Bergisch Gladbach"]
[Date "2022.02.11"]
[Round "8.4"]
[White "Gelsok, Philipp"]
[Black "Gutt, Oswald"]
[Result "1/2-1/2"]
[WhiteElo "1967"]
[BlackElo "1851"]
[PlyCount "84"]
[EventDate "2021.??.??"]

1. e4 c6 2. c4 d5 3. cxd5 cxd5 4. exd5 Nf6 5. Nc3 g6 6. d4 Bg7 7. Qb3 O-O 8.
Bf4 a6 9. Be2 Nbd7 10. d6 exd6 11. Bxd6 Re8 12. O-O-O Nf8 13. Be5 b5 14. f4 Be6
15. d5 Bf5 16. Bd3 Bg4 17. Nf3 N8d7 18. Rhe1 Nc5 19. Qc2 Nxd3+ 20. Qxd3 b4 21.
Nb1 Rc8+ 22. Kd2 Bf5 23. Qb3 Rc2+ 24. Qxc2 Bxc2 25. Kxc2 Qc8+ 26. Kb3 a5 27.
Bxf6 Rxe1 28. Nxe1 Bxf6 29. g3 Qa6 30. Nd3 Be7 31. a4 bxa3 32. Nxa3 Bxa3 33.
Kxa3 Qd6+ 34. b4 Qxd5 35. bxa5 Qxa5+ 36. Kb3 Qd5+ 37. Kc3 Qa5+ 38. Kb3 h5 39.
Nb4 Qb5 40. h4 Qe2 41. Rd3 Kg7 42. Kc3 Qe1+ 1/2-1/2

[Event "BSF VM 2021-2022 Gr. A"]
[Site "Bergisch Gladbach"]
[Date "2022.02.11"]
[Round "8.5"]
[White "Eberl, Christian"]
[Black "Müller, Andreas"]
[Result "1/2-1/2"]
[WhiteElo "1662"]
[BlackElo "1622"]
[PlyCount "50"]
[EventDate "2021.??.??"]

1. e4 c5 2. Nf3 Nc6 3. d4 cxd4 4. Nxd4 Nf6 5. Nc3 d6 6. Be2 e5 7. Nb3 Be7 8.
O-O O-O 9. Bg5 Nxe4 10. Nxe4 Bxg5 11. Nxd6 Be7 12. Ne4 Qb6 13. c3 Be6 14. Ned2
Rfd8 15. Qc2 Rac8 16. Bc4 Bxc4 17. Nxc4 Qb5 18. Qe4 f5 19. Qe2 a5 20. Rfe1 a4
21. Nbd2 Bg5 22. Nf3 Bf6 23. Ncxe5 Qxe2 24. Rxe2 Nxe5 25. Nxe5 a3 1/2-1/2

[Event "BSF VM 2021-2022 Gr. A"]
[Site "Bergisch Gladbach"]
[Date "2022.02.25"]
[Round "9.1"]
[White "Thelen, Harm-Wulf"]
[Black "Klein, Dieter"]
[Result "1-0"]
[WhiteElo "1921"]
[BlackElo "1622"]
[PlyCount "53"]
[EventDate "2021.??.??"]

1. c4 b5 2. cxb5 a6 3. Nc3 Bb7 4. d4 g6 5. Nf3 Bg7 6. e4 axb5 7. Bxb5 c6 8. Bd3
Ba6 9. O-O Bxd3 10. Qxd3 Nf6 11. e5 Nd5 12. Nxd5 cxd5 13. b4 O-O 14. b5 Qb6 15.
a4 d6 16. exd6 Qxd6 17. Re1 Re8 18. a5 e6 19. Ba3 Qd8 20. Bb4 Nd7 21. Rab1 e5
22. dxe5 Nxe5 23. Nxe5 Bxe5 24. b6 Bxh2+ 25. Kxh2 Qh4+ 26. Kg1 Rxe1+ 27. Bxe1
1-0